ITA-Reyes de Sicilia, Napolés y de las Dos Sicilias - Estadísticas

Estadísticas generales
  • Esta prueba ha sido intentada 43 veces
  • La puntuación promedio es 47 de 71
Estadísticas de respuestas
Período Nombre del Rey/Reina % Correcto
1266-1285 Carlos I
97%
1516-1555 Carlos II
97%
1285-1309 Carlos II
97%
1665-1700 Carlos III
97%
1381-1386 Carlos III
97%
1720-1735 Carlos IV
97%
1516-1554 Carlos IV
97%
1735-1759 Carlos V
97%
1665-1700 Carlos V
97%
1707-1734 Carlos VI
97%
1734-1759 Carlos VII
97%
1556-1598 Felipe I
94%
1554-1598 Felipe I
94%
1598-1621 Felipe II
94%
1598-1621 Felipe II
94%
1621-1665 Felipe III
94%
1621-1665 Felipe III
94%
1700-1713 Felipe IV
94%
1700-1707Rey titular (1707-1713) Felipe IV
94%
1412-1416 Fernando I
94%
1458-1494 Fernando I
94%
1816-1825 Fernando I
94%
1468-1516 Fernando II
94%
1495-1496 Fernando II
94%
1830-1859 Fernando II
94%
1759-1816 Fernando III
94%
1504-1516 Fernando III
94%
1759-1799 Fernando IV
94%
1799-1806 Fernando IV
94%
1815-1816 Fernando IV
94%
1458-1468 Juan I
94%
1516-1556 Juana I
79%
1344-1381 Juana I
79%
1414-1435 Juana II
79%
1516-1555 Juana III
79%
1825-1830 Francisco I
70%
1859-1861 Francisco II
70%
1342-1355 Luis I
64%
Correy(1352-1362) Luis I
64%
1501-1504 Luis XII de Francia
64%
1806-1808 José I
61%
1402-1409Correy (1391-1401) Martín I
55%
1409-1410 Martín II
55%
1416-1458 Alfonso I
52%
1442-1458 Alfonso I
52%
1494-1495 Alfonso II
52%
1198-1212 Correy(1198) Federico I
48%
1217-1250 Federico I
48%
1496-1501 Federico I
48%
1296-1337 Federico II
48%
1355-1377 Federico III
48%
1285-1296 Jaime
45%
1337-1342 Pedro II
45%
1130-1154 Roger II
45%
Correy (1191-1193) Roger III
45%
1808-1815 Joaquín I
42%
1250-1254 Conrado I
33%
1254-1258 Conrado II
33%
1194-1197 Enrique I
30%
1212-1217 Enrique II
30%
1154-1166Correy (1151-1154) Guillermo I
27%
1166-1189 Guillermo II
27%
1194Correy (1193-1194) Guillermo III
27%
1377-1402 María I
27%
1309-1343 Roberto I
27%
1435-1442 Renato
21%
1258-1266 Manfredo
18%
1189-1194 Tancredo
18%
1194-1998 Constanza
15%
1713-1720 Víctor Amadeo
12%
1386-1414 Ladislao
0%
No se encontraron pruebas coincidentes
Distribución de puntuación
Porcentaje de gente con cada puntuación
Porcentaje por número respondido
Historial de tus puntuaciones
No has intentado esta prueba.